I love you but im not in love with you (Record no. 240788)

MARC details
000 -LEADER
fixed length control field 00980nam a22002177a 4500
003 - CONTROL NUMBER IDENTIFIER
control field St Aloysius Coll
005 - DATE AND TIME OF LATEST TRANSACTION
control field 20260121150612.0
008 - FIXED-LENGTH DATA ELEMENTS--GENERAL INFORMATION
fixed length control field 260119b |||||||| |||| 00| 0 eng d
020 ## - INTERNATIONAL STANDARD BOOK NUMBER
International Standard Book Number 9781408868232
040 ## - CATALOGING SOURCE
Transcribing agency AL
041 ## - LANGUAGE CODE
Language code of text/sound track or separate title English
082 ## - DEWEY DECIMAL CLASSIFICATION NUMBER
Classification number 158.2
Item number MARI
100 ## - MAIN ENTRY--PERSONAL NAME
Personal name Andrew G Marshall
9 (RLIN) 251671
245 ## - TITLE STATEMENT
Title I love you but im not in love with you
Remainder of title : seven steps to saving your relationship
260 ## - PUBLICATION, DISTRIBUTION, ETC.
Place of publication, distribution, etc. London
Name of publisher, distributor, etc. Bloomsbury
Date of publication, distribution, etc. 2015
300 ## - PHYSICAL DESCRIPTION
Extent 286p.
Other physical details PB
Dimensions 17.5x13cm
365 ## - TRADE PRICE
Source of price type code General
Price type code 5468
Price amount ₹319.00
Currency code
Unit of pricing ₹399.00
Price note 20%
Price effective from 10/01/2026
520 ## - SUMMARY, ETC.
Summary, etc. From his research Andrew has devised his own unique programme. By looking at how a couple communicate, argue, share love, take responsibility, give and learn he offers in seven steps a reassuring and empowering map for how two individuals can better understand themselves, strengthen their bond and recover that lost magic.
650 ## - SUBJECT ADDED ENTRY--TOPICAL TERM
Source of heading or term Psychology
Topical term or geographic name entry element Applied Psychology
9 (RLIN) 251672
942 ## - ADDED ENTRY ELEMENTS (KOHA)
Source of classification or shelving scheme Dewey Decimal Classification
Koha item type Book
Holdings
Withdrawn status Lost status Source of classification or shelving scheme Damaged status Not for loan Collection code Home library Current library Date acquired Source of acquisition Cost, normal purchase price Total Checkouts Full call number Barcode Date last seen Date last checked out Cost, replacement price Price effective from Koha item type
    Dewey Decimal Classification     MA English St Aloysius PG Library St Aloysius PG Library 01/14/2026 Biblios Book Point 319.00 1 158.2 MARI PG025162 01/31/2026 01/22/2026 399.00   Book